Διεθνείς οργανισμοί : πανεπιστημιακές παραδόσεις
Saved in:
| Main Author: | |
|---|---|
| Format: | Book |
| Language: | Greek |
| Published: |
Αθήνα, Κομοτηνή :
Σάκκουλας,
1990
|
| Subjects: | |
| Tags: |
Add Tag
No Tags, Be the first to tag this record!
|
MARC
| LEADER | 00000cam a2200000 i 4500 | ||
|---|---|---|---|
| 001 | 1/67295 | ||
| 008 | 971216s1990 gr | ||| |||| ||gre|| | ||
| 035 | |a ΠΑΡ-1997 |b 04/04 |c ΑΛΕΞΟΠΟΥΛΟΣ |l 10029980 | ||
| 040 | |a GR-MY-UA |b |e aacr | ||
| 041 | 0 | |a gre | |
| 082 | 7 | |a 341.2 |2 (22) | |
| 100 | 1 | |a Μπρεδήμας, Αντώνης Χ. | |
| 245 | 1 | 0 | |a Διεθνείς οργανισμοί : |b πανεπιστημιακές παραδόσεις / |c Α. Μπρεδήμας. |
| 260 | |a Αθήνα, Κομοτηνή : |b Σάκκουλας, |c 1990 | ||
| 500 | |a Στο εξώφυλλο: Τεύχος β: νομικό πλαίσιο-δομή-λειτουργία | ||
| 650 | 0 | 0 | |a International agencies. |
| 852 | |a INST |b CHIOS |e 19971216 |h 341.2 ΜΠΡ |p 005200010210 |q 005200010210 |t BK |y 0 | ||
| 852 | |a INST |b RHODES |e 20230309 |h 341.2 ΜΠΡ |p 005400043454 |q 005400043454 |t BK |y 0 | ||
| 909 | |a Χ |b 051997 | ||
| 970 | |z 16-12-1997 | ||